00460nam a22001457a 4500020002200000082001400022100002000036245004000056260003400096300000800130650003300138942000700171952011900178999001700297 a978-93-5207-294-1 a297.7 ALL aAllam, Mohammad aRight to Education Act and Madrasas aNew DelhibAuthorspressc2016 a106 aIslam-Education and Training cBK 00104070aHMIbHMIcGENd2017-11-29eAmazong450.00l2o297.7 ALLp25436r2018-03-15s2018-01-17w2017-11-29yBK c20780d20780